000 00488nam a2200157Ia 4500
008 230907s9999||||xx |||||||||||||| ||und||
082 _a621.3
_bSAA
100 _aSaad Ullah Aftab (00000276402)
_9116769
245 0 _aOptimal Restoration Sequence of Parallel Power System Using Genetic Algorithm /
260 _aUSPCAS-E, NUST,
_bIslamabad :
_c2022
300 _axii, 44 p.
520 _aTH-435
650 _aMS-EEP Thesis MS Thesis
700 _aDr Muhammad Numan
942 _cTHE
_2ddc
999 _c602113
_d602113